The grandeur of granite : (Record no. 77170)

MARC details
000 -LEADER
fixed length control field 00578nam a22001937a 4500
005 - DATE AND TIME OF LATEST TRANSACTION
control field 20130913112427.0
010 ## - LCCN (DPL NO)
LC control number ENG-107809
020 ## - INTERNATIONAL STANDARD BOOK NUMBER
International Standard Book Number 9789380574066
Terms of availability 1250.00
035 ## - SYSTEM CONTROL NUMBER
System control number EN-91342
037 ## - SOURCE OF ACQUISITION
Source of stock number/acquisition DBAD/PUB
082 ## - DEWEY DECIMAL CLASSIFICATION NUMBER
Classification number 726.14509543
100 ## - MAIN ENTRY--PERSONAL NAME
Personal name Shah, Ashok
245 ## - TITLE STATEMENT
Title The grandeur of granite :
Statement of responsibility, etc by Ashok Shah
Remainder of title Shiva-yogini temple of Vyas Bhadora /
260 ## - PUBLICATION, DISTRIBUTION, ETC. (IMPRINT)
Place of publication, distribution, etc Delhi
Name of publisher, distributor, etc Bookwell
Date of publication, distribution, etc 2012
270 ## - ADDRESS
Address 3/79, Nirankari Colony
City Delhi
Postal code 110009
300 ## - PHYSICAL DESCRIPTION
Extent xiv,94 p. :
Dimensions 24cm(Hb)
Other physical details col. ill. ;
700 ## - ADDED ENTRY--PERSONAL NAME
Personal name
942 ## - ADDED ENTRY ELEMENTS (KOHA)
Source of classification or shelving scheme Dewey Decimal Classification
Item type English Books
Call number suffix SHA
Classification part 726.14509543
Holdings
Withdrawn status Lost status Not for loan Collection code Home library Current library Date acquired Source of acquisition Cost, normal purchase price Full call number Barcode Copy number Cost, replacement price Koha item type
    Not For Loan Non-fiction D.B.Act.Division D.B.Act.Division 04/07/2013 DBAD/PUB 1250.00 726.14509543 SHA EN-91342 1 1250.00 English Books

© Delhi Public Library
Hit Counter
free hit counter